| 000 | 00667nam a22002057a 4500 | ||
|---|---|---|---|
| 999 |
_c1732 _d1732 |
||
| 003 | AR-CdUCM | ||
| 008 | 190227b ||||| |||| 00| 0 spa d | ||
| 040 |
_aMUNICIPALIDAD PROVINCIAL DEL CUSCO _cBIBLIOTECA MUNICIPAL DEL CUSCO |
||
| 082 |
_a335.4 / _bJ67 |
||
| 100 |
_aJohnson, Gerald W. _96378 |
||
| 245 |
_aComunismo : _bpunto de vista americano / |
||
| 260 |
_aArgentina : _bPlaza & Janes , _c1965. |
||
| 300 |
_a107 páginas ; _c17 cm. |
||
| 505 | _aLas raíces del comunismo -- La revolución Rusa -- Lenin... | ||
| 650 |
_aLenin. _92073 |
||
| 650 |
_aComunismo. _9495 |
||
| 650 |
_aRevolución Rusa. _91925 |
||
| 942 |
_2ddc _cLIBROS |
||
| 945 |
_awfj _d2019-02-27 |
||